000 00264nam a22000977a 4500
999 _c10959
_d10959
008 180702b ||||| |||| 00| 0 eng d
020 _a31900139616
100 _aVerlag, Max Huber
_93964
245 _aLernziel Deutsch
_bDeutsch als fremdsprache
260 _aGerman
_c1998